Digitalizace české energetiky: jak simulace a bateriová úložiště promění českou distribuční soustavu
Výpadok elektriny, ktorý v júli 2025 ochromil časti Českej republiky, znova pripomenul, ako zraniteľná môže byť centralizovaná a nedigitalizovaná energetická infraštruktúra. Hoci išlo o technickú poruchu na vedení, podobné udalosti môžu v budúcnosti vznikať aj v dôsledku extrémnych meteorologických...
Salvato in:
| Autore principale: | |
|---|---|
| Natura: | Capitolo di libro |
| Lingua: | ceco |
| Soggetti: | |
| Tags: |
Nessun Tag, puoi essere il primo ad aggiungerne!!
|
MARC
| LEADER | 00000naa a2200000 4500 | ||
|---|---|---|---|
| 001 | 0312106 | ||
| 005 | 20250908093819.1 | ||
| 041 | 0 | |a cze | |
| 044 | |a CZ | ||
| 245 | 1 | 0 | |a Digitalizace české energetiky: jak simulace a bateriová úložiště promění českou distribuční soustavu |c Martin Novák |
| 520 | |a Výpadok elektriny, ktorý v júli 2025 ochromil časti Českej republiky, znova pripomenul, ako zraniteľná môže byť centralizovaná a nedigitalizovaná energetická infraštruktúra. Hoci išlo o technickú poruchu na vedení, podobné udalosti môžu v budúcnosti vznikať aj v dôsledku extrémnych meteorologických javov, preťaženiu prenosovej alebo distribučnej sústavy, prípadne cielených kybernetických útokov. V takých situáciách rozhoduje o stabilite nielen robustnosť fyzickej infraštruktúry, ale i schopnosť rýchlej a ideálne automatizovanej reakcie. Kľúčovú úlohu v tomto smere hrajú digitálne simulácie, vzdialené riadenie decentralizovaných zdrojov a batériové systémy s vysokou rýchlosťou odozvy. | ||
| 610 | 2 | 0 | |a energetika |
| 610 | 2 | 0 | |a digitalizácia |
| 610 | 2 | 0 | |a Česko |
| 100 | 1 | |a Novák, Martin | |